000 00690cam a22002531 4500
999 _c7133
_d7133
001 7133
003 BD-JhCC
005 20180519115518.0
008 850506s1961 moua b 000 0 eng
035 _a(BD-JhCC)7133
040 _aDLC/ICU
_cICU
_dDLC
_dBD-JhCC
041 _aeng
050 0 0 _aQL47
_b.H63 1961
082 0 0 _a591
_bHIC 1961
100 1 _aHickman, Cleveland P.
_q(Cleveland Pendleton),
_d1896-1978.
245 1 0 _aIntegrated principles of zoology /
_c Cleveland P. Hickman,
250 _a2d ed.
260 _aSt. Louis,
_bMosby,
_c1961.
300 _a972 p.
_billus.
_c25 cm.
504 _aIncludes bibliography.
650 0 _aZoology.
942 _2ddc
_cBK